Daňové novinky, ktoré potešia podnikateľov

Daň z príjmov, § 6 odsek 14. 80 % nákladov za benzín a iné odpisovanie. Odpisové tarify. Novela DPH od 1. apríla 2009.

Gespeichert in:
Bibliographische Detailangaben
1. Verfasser: Burák, Emil
Format: Buchkapitel
Sprache:Slowakisch
Schlagworte:
Tags: Tag hinzufügen
Keine Tags, Fügen Sie das erste Tag hinzu!

MARC

LEADER 00000naa$a2200000$$$4500
001 0095185
005 20231006123346.1
041 0 |a slo 
044 |a SK 
245 1 0 |a Daňové novinky, ktoré potešia podnikateľov  |c Emil Burák 
520 |a Daň z príjmov, § 6 odsek 14. 80 % nákladov za benzín a iné odpisovanie. Odpisové tarify. Novela DPH od 1. apríla 2009. 
610 2 0 |a dane z príjmov 
610 2 0 |a dane z hodnoty pridanej 
610 2 0 |a odpisy 
610 2 0 |a účtovníctvo 
100 1 |a Burák, Emil